| 000 | 00770cam a2200253 a 4500 | ||
|---|---|---|---|
| 999 |
_c3668 _d3668 |
||
| 001 | 2316327 | ||
| 003 | OSt | ||
| 005 | 20191022122045.0 | ||
| 008 | 820825s1982 cauaf 001 0 eng | ||
| 010 | _a 81051271 | ||
| 020 | _a0935702059 | ||
| 040 |
_aDLC _cDLC _dDLC |
||
| 050 | 0 | 0 |
_aQB43.2 _b.S54 1982 |
| 082 | 0 | 0 |
_a520 _219 _bSHU 1982 |
| 100 | 1 |
_aShu, Frank H. _97954 |
|
| 245 | 1 | 4 |
_aThe Physical Universe: _ban introduction to astronomy |
| 260 |
_aMill Valley, Calif; _bUniversity Science Books, _c1982. |
||
| 300 |
_axi, 584 p., [16] p. of plates : _bcol.ill ; _c29 cm. |
||
| 440 | 2 |
_aA Series of books in astronomy _98155 |
|
| 500 | _aIncludes index. | ||
| 650 | 0 |
_aAstronomy. _93586 |
|
| 906 |
_a7 _bcbc _corignew _d2 _eocip _f19 _gy-gencatlg |
||
| 942 |
_2ddc _cSLOAN |
||